[Event "Tunja Boyaca op"]
[Site "Tunja"]
[Date "2019.08.03"]
[Round "7"]
[White "Otalora Pacheco, Carlos Eduardo"]
[Black "Vargas Arteaga, Alexis"]
[Result "1/2-1/2"]
[WhiteElo "2197"]
[BlackElo "2263"]
[PlyCount "213"]
[EventDate "2019.07.31"]
[EventType "swiss"]
[EventRounds "9"]
[EventCountry "COL"]
[SourceTitle "EXT 2020"]
[Source "ChessBase"]
[SourceDate "2019.10.17"]
[SourceVersion "1"]
[SourceVersionDate "2019.10.17"]
[SourceQuality "1"]

1. d4 Nf6 2. c4 e6 3. Nf3 b6 4. g3 Ba6 5. b3 Bb4+ 6. Bd2 Be7 7. Bg2 0-0 8. 0-0 Bb7 9. Nc3 Ne4 10. d5 Nxd2 11. Qxd2 Bf6 12. e4 d6 13. Ne1 Nd7 14. Nd3 Ne5 15. Rac1 Nxd3 16. Qxd3 Bxc3 17. Rxc3 a5 18. a3 exd5 19. exd5 Re8 20. Qd2 Bc8 21. Re1 Rxe1+ 22. Qxe1 Bd7 23. Re3 Qf8 24. Re7 Qd8 25. Re3 Rb8 26. Qc3 Qf8 27. h4 Re8 28. Qe1 g6 29. Kh2 Rxe3 30. Qxe3 Qd8 31. Bh3 f5 32. Bg2 Qf8 33. f4 Qf6 34. a4 Kf8 35. Bf1 Be8 36. Be2 Bf7 37. Kg1 Qa1+ 38. Kf2 h6 39. Qd3 Qb2 40. h5 Qf6 41. hxg6 Bxg6 42. Ke3 Qe7+ 43. Kd2 Kg7 44. Qd4+ Kh7 45. Bd3 h5 46. Qa1 Qd8 47. Qh1 Qf6 48. Ke3 Kg7 49. Kd2 Qb2+ 50. Ke3 Qxb3 51. Qh4 Qxa4 52. Qe7+ Bf7 53. Qxc7 Qb4 54. Bxf5 Qc5+ 55. Qxc5 bxc5 56. Kd2 Kf6 57. Bc8 Bg6 58. Kc3 Be4 59. Bd7 Bf3 60. Kd2 Ke7 61. Ba4 Kf6 62. Bc2 Bg4 63. Bd3 Bd7 64. Kc3 Ba4 65. Be2 Be8 66. Bd3 Ba4 67. Kb2 Bd1 68. Kc1 Bb3 69. Kb2 a4 70. Ka3 Bd1 71. Kb2 Kf7 72. Ka3 Ke7 73. Kb2 Kd8 74. Ka3 Kc7 75. Kb2 Kb8 76. Ka3 Kb7 77. Kb2 Kc7 78. Ka3 Kd7 79. Kb2 Ke7 80. Ka3 Kf7 81. Kb2 Kg7 82. Ka3 Kh6 83. Kb2 h4 84. gxh4 Kh5 85. f5 Kxh4 86. f6 Bh5 87. Ka3 Kg5 88. Kxa4 Kxf6 89. Kb3 Ke5 90. Kc3 Bf3 91. Bg6 Bg4 92. Be8 Kf6 93. Ba4 Ke5 94. Be8 Bc8 95. Bh5 Bb7 96. Bf7 Bc8 97. Be8 Bf5 98. Bh5 Bh7 99. Be8 Bg8 100. Bh5 Bxd5 101. cxd5 Kxd5 102. Bf3+ Ke5 103. Kc4 Kf4 104. Ba8 Ke3 105. Bb7 Kd2 106. Ba8 Ke3 107. Kc3 1/2-1/2

[Event "COL-ch U2400"]
[Site "Moniquira"]
[Date "2019.07.22"]
[Round "7"]
[White "Cifuentes, John Jairo"]
[Black "Otalora Pacheco, Carlos Eduardo"]
[Result "1/2-1/2"]
[WhiteElo "2247"]
[BlackElo "2135"]
[PlyCount "50"]
[EventDate "2018.07.19"]
[EventType "tourn"]
[EventRounds "7"]
[EventCountry "COL"]
[SourceTitle "EXT 2021"]
[Source "ChessBase"]
[SourceDate "2020.10.23"]
[SourceVersion "1"]
[SourceVersionDate "2020.10.23"]
[SourceQuality "1"]

1. e4 e5 2. Nf3 Nc6 3. Bb5 a6 4. Ba4 Nf6 5. 0-0 Be7 6. Re1 b5 7. Bb3 0-0 8. d3 d6 9. c3 Na5 10. Bc2 c5 11. Nbd2 h6 12. h3 Re8 13. Nf1 Bf8 14. Ng3 g6 15. a4 Bd7 16. Be3 Bg7 17. Qd2 Kh7 18. b4 Nb7 19. a5 Rc8 20. Rac1 d5 21. Qd1 d4 22. cxd4 cxd4 23. Bd2 Bf8 24. Bb3 Be6 25. Rxc8 Qxc8 1/2-1/2

[Event "COL-ch U2400"]
[Site "Moniquira"]
[Date "2019.07.21"]
[Round "5"]
[White "Vargas Arteaga, Alexis"]
[Black "Otalora Pacheco, Carlos Eduardo"]
[Result "1-0"]
[WhiteElo "2237"]
[BlackElo "2135"]
[PlyCount "99"]
[EventDate "2018.07.19"]
[EventType "tourn"]
[EventRounds "7"]
[EventCountry "COL"]
[SourceTitle "EXT 2021"]
[Source "ChessBase"]
[SourceDate "2020.10.23"]
[SourceVersion "1"]
[SourceVersionDate "2020.10.23"]
[SourceQuality "1"]

1. c4 Nf6 2. Nf3 e6 3. e3 d5 4. b3 Be7 5. Bb2 0-0 6. d4 c5 7. Be2 b6 8. 0-0 Bb7 9. Nc3 Nbd7 10. Rc1 Rc8 11. Qd3 cxd4 12. exd4 Bd6 13. Rfd1 Ne4 14. Qb1 Qe7 15. Nb5 a6 16. Nxd6 Qxd6 17. Qa1 Rfd8 18. c5 Qf8 19. b4 Nb8 20. Ne5 Nf6 21. a4 Nfd7 22. Nxd7 Nxd7 23. Ba3 a5 24. c6 axb4 25. cxb7 Rb8 26. Bb2 Rxb7 27. Qa2 Nf6 28. Qb3 Ne4 29. Ba1 Qd6 30. g3 h5 31. Bxh5 b5 32. a5 Ra8 33. Bf3 Rxa5 34. Bxe4 dxe4 35. Rc8+ Kh7 36. Qe3 Qe7 37. Qxe4+ f5 38. Qf3 Qf7 39. d5 exd5 40. Qf4 Ra6 41. Qh4+ Rh6 42. Qd8 Qe6 43. Rdc1 f4 44. Qh8+ Kg6 45. Qf8 Rf7 46. R1c6 Rxf8 47. Rxe6+ Kf7 48. Rxf8+ Kxe6 49. Rxf4 Kd6 50. Bxg7 1-0

[Event "COL-ch U2400"]
[Site "Moniquira"]
[Date "2019.07.20"]
[Round "2"]
[White "Otalora Pacheco, Carlos Eduardo"]
[Black "Cadena, Juan Manuel"]
[Result "1-0"]
[WhiteElo "2135"]
[BlackElo "2099"]
[PlyCount "67"]
[EventDate "2018.07.19"]
[EventType "tourn"]
[EventRounds "7"]
[EventCountry "COL"]
[SourceTitle "EXT 2021"]
[Source "ChessBase"]
[SourceDate "2020.10.23"]
[SourceVersion "1"]
[SourceVersionDate "2020.10.23"]
[SourceQuality "1"]

1. d4 d5 2. Nf3 Nf6 3. c4 e6 4. g3 Nbd7 5. Bg2 c6 6. Qc2 Bd6 7. 0-0 0-0 8. Nc3 Re8 9. Nd2 Nf8 10. e4 dxe4 11. Ndxe4 Be7 12. Rd1 Ng6 13. Nxf6+ Bxf6 14. Be3 Bg5 15. Bxg5 Qxg5 16. b4 a5 17. b5 Bd7 18. Ne4 Qe7 19. a4 Rac8 20. Nc5 cxb5 21. axb5 b6 22. Nxd7 Qxd7 23. Bc6 Rxc6 24. bxc6 Qxc6 25. c5 h5 26. h4 Rc8 27. Rdc1 e5 28. Qb2 b5 29. Rxa5 exd4 30. Qxd4 Re8 31. Rd1 Qf3 32. Raa1 Re4 33. Rd3 Nxh4 34. Qd8+ 1-0